[Event "SUI-ch 121st"]
[Site "Samnaun"]
[Date "2022.07.04"]
[Round "1"]
[White "Binggeli, Christian"]
[Black "Georgescu, Lena"]
[Result "0-1"]
[WhiteElo "1991"]
[BlackElo "2279"]
[PlyCount "37"]
[EventDate "2022.07.04"]
[EventType "swiss"]
[EventRounds "9"]
[EventCountry "SUI"]
[SourceTitle "CBM 209 Extra"]
[Source "ChessBase"]
[SourceDate "2022.09.30"]
[SourceVersion "1"]
[SourceVersionDate "2022.09.30"]
[SourceQuality "1"]

1. b3 e5 2. Bb2 Nc6 3. c4 Nf6 4. e3 d5 5. cxd5 Nxd5 6. a3 Bd6 7. Qc2 0-0 8. Nf3 Qe7 9. Bd3 Kh8 10. h4 f5 11. Bb5 Bd7 12. Nc3 Nb6 13. Na4 Nb4 14. axb4 Bxb5 15. Nc5 Nd5 16. Nxb7 Nxb4 17. Qc3 Nd3+ 18. Kd1 Bb4 19. Qxe5 0-1

[Event "Zuerich op-B 33rd"]
[Site "Zuerich"]
[Date "2009.12.28"]
[Round "5"]
[White "Agustoni, Marco"]
[Black "Binggeli, Christian"]
[Result "0-1"]
[WhiteElo "1744"]
[BlackElo "2029"]
[PlyCount "42"]
[EventDate "2009.12.26"]
[EventType "swiss"]
[EventRounds "7"]
[EventCountry "SUI"]
[SourceTitle "EXT 2019"]
[Source "ChessBase"]
[SourceDate "2018.10.10"]
[SourceVersion "1"]
[SourceVersionDate "2018.10.10"]
[SourceQuality "1"]

1. e4 c5 2. Nc3 Nc6 3. Nge2 g6 4. g3 Bg7 5. Bg2 d6 6. 0-0 f5 7. Nf4 Nf6 8. exf5 Bxf5 9. d3 0-0 10. Nfd5 Nxd5 11. Nxd5 Qd7 12. Re1 Rae8 13. Ne3 Bh3 14. Bxh3 Qxh3 15. Qg4 Qxg4 16. Nxg4 Nd4 17. Re4 d5 18. Rxd4 Bxd4 19. Bh6 Bg7 20. Bf4 e5 21. Bd2 e4 0-1

[Event "Zuerich op-B 32nd"]
[Site "Zuerich"]
[Date "2008.12.28"]
[Round "4"]
[White "Binggeli, Christian"]
[Black "Rudolf, Fabian"]
[Result "1-0"]
[WhiteElo "1959"]
[BlackElo "1885"]
[PlyCount "61"]
[EventDate "2008.12.26"]
[EventType "swiss"]
[EventRounds "7"]
[EventCountry "SUI"]
[SourceTitle "CBM 127 Extra"]
[Source "ChessBase"]
[SourceDate "2009.01.08"]
[SourceVersion "2"]
[SourceVersionDate "2009.01.28"]
[SourceQuality "1"]

1. d4 Nf6 2. c4 g6 3. Nc3 Bg7 4. e4 d6 5. Be2 0-0 6. Bg5 Nbd7 7. f4 c5 8. d5 a6 9. Nf3 Qc7 10. 0-0 e6 11. dxe6 fxe6 12. Qd2 h6 13. Bh4 Rf7 14. Rad1 Ne8 15. Bg3 Bf8 16. Nh4 Nb8 17. Nxg6 Bg7 18. e5 Nc6 19. exd6 Bd4+ 20. Kh1 Nxd6 21. f5 Kg7 22. Nh4 Qe7 23. fxe6 Bxe6 24. Qd3 Qg5 25. Bxd6 Qxh4 26. Rxf7+ Bxf7 27. Rf1 Re8 28. Qf5 Be6 29. Bf8+ Kh8 30. Qg6 Bf7 31. Qxf7 1-0